| 000 | 01377nam a2200349Ia 4500 | ||
|---|---|---|---|
| 001 | ebr10661795 | ||
| 003 | CaPaEBR | ||
| 006 | m u | ||
| 007 | cr cn||||||||| | ||
| 008 | 100929s2011 nyua sb 001 0 eng d | ||
| 010 | _z 2010038644 | ||
| 020 | _z9781611220841 | ||
| 020 | _z9781617617331 (hardcover) | ||
| 020 | _z1617617334 (hardcover) | ||
| 040 |
_aCaPaEBR _cCaPaEBR |
||
| 035 | _a(OCoLC)726744608 | ||
| 050 | 1 | 4 |
_aTA480.P35 _bP35 2011eb |
| 082 | 0 | 4 |
_a620/.5 _222 |
| 245 | 0 | 0 |
_aPalladium _h[electronic resource] : _bcompounds, production and applications / _cKenneth M. Brady, editor. |
| 260 |
_aNew York : _bNova Science Publishers, _cc2011. |
||
| 300 |
_axi, 356 p. : _bill. |
||
| 490 | 1 | _aMaterials science and technologies | |
| 504 | _aIncludes bibliographical references and index. | ||
| 533 |
_aElectronic reproduction. _bPalo Alto, Calif. : _cebrary, _d2013. _nAvailable via World Wide Web. _nAccess may be limited to ebrary affiliated libraries. |
||
| 650 | 0 |
_aPalladium compounds _xIndustrial applications. |
|
| 650 | 0 |
_aPalladium _xMetallurgy. |
|
| 655 | 7 |
_aElectronic books. _2local |
|
| 700 | 1 | _aBrady, Kenneth M. | |
| 710 | 2 | _aebrary, Inc. | |
| 830 | 0 | _aMaterials science and technologies series. | |
| 856 | 4 | 0 |
_uhttp://site.ebrary.com/lib/rucke/Doc?id=10661795 _zAn electronic book accessible through the World Wide Web; click to view |
| 999 |
_c66008 _d66008 |
||